Použitie SIP protokolu na BEA SIP serveri pre službu Video-on-Demand
Uložené v:
| Hlavný autor: | |
|---|---|
| Ďalší autori: | , |
| Médium: | Rukopis Kniha |
| Jazyk: | Slovak |
| Vydavateľské údaje: |
Bratislava :
STU v Bratislave FEI,
2009
|
| Tagy: |
Žiadne tagy, Buďte prvý, kto otaguje tento záznam!
|
MARC
| LEADER | 00000ntm a22000003a 4500 | ||
|---|---|---|---|
| 001 | stu191953 | ||
| 005 | 20150617230028.1 | ||
| 008 | 091009s2009------------------------slo-d | ||
| 040 | |a STU |b slo | ||
| 041 | 0 | |a slo | |
| 100 | 1 | |a Humenský, Michal |4 aut |u E |T FEI Fakulta elektrotechniky a informatiky |U E |Y 30 | |
| 245 | 1 | |a Použitie SIP protokolu na BEA SIP serveri pre službu Video-on-Demand | |
| 260 | |a Bratislava : |b STU v Bratislave FEI, |c 2009 | ||
| 300 | |a 86 s | ||
| 700 | 1 | |a Molnár, Eugen |4 ths | |
| 700 | 1 | |a Kotuliaková, Kvetoslava, |d 1968- |4 ths |u E070 |U FEI Fakulta elektrotechniky a informatiky |T FEI Ústav telekomunikácií |X 2015 |U E070 |Y 818 |7 A000002015 | |